000 01098cad a22002295a 4500
001 E146822
008 090303s2008 xxk f 000 0 eng d
035 _a(Sirsi) u146822
041 0 _aeng
050 0 4 _a306.1 $2 18
110 2 _aCIH Scotland
245 0 0 _aStacking up housing supply
_bthe Scottish Government's delivering plans and the credit crunch
_h[electronic resource]
260 _aEdinburgh
_bCIH Scotland
_c2008
490 0 _aCIH Scotland Policy Briefing
520 _aSets out the Scottish Government's proposals relating to affordable housing following the 'Firm Foundations' consultation (see E141964) and compares the levels of funding and the proposed building programme with previous years. Assesses how the credit crunch may affect the delivery of these proposals.
521 _aAdvanced
590 _aKA
651 4 _aScotland
_y1999-
690 _aPROPERTY-RESIDENTIAL PROPERTY-DOMESTIC RESIDENTIAL PROPERTY-HOUSING
856 4 0 _uhttps://www.cih.org/scotland/policy/Housing-Supply-July2008.pdf
_zView the report free of charge at www.cih.org/scotland...
942 _n0
999 _c109307
_d109307